Los Angeles Lakers Roster 2023-24 - Statistics

General Stats
  • This quiz has been taken 68 times
  • The average score is 10 of 20
Answer Stats
Hint Answer % Correct
23 LeBron James
98%
3 Anthony Davis
96%
15 Austin Reaves
92%
1 D'Angelo Russell
79%
35 Christian Wood
70%
28 Rui Hachimura
70%
2 Jarred Vanderbilt
68%
5 Cam Reddish
64%
12 Taurean Prince
55%
10 Max Christie
49%
26 Spencer Dinwiddie
47%
0 Jalen Hood-Schifino
43%
7 Gabe Vincent
38%
11 Jaxson Hayes
38%
21 Maxwell Lewis
25%
4 Skylar Mays
19%
14 Colin Castleton
13%
55 D'Moi Hodge
9%
17 Alex Fudge
8%
20 Dylan Windler
8%
No matching quizzes found
Score Distribution
Percent of People with Each Score
Percentile by Number Answered
Your Score History
You have not taken this quiz